Quels sont les noms des pays qui ont été dominés par Napoléon ? - Statistiques

Statistiques générales
  • Ce quiz a été pris 150 fois
  • Le résultat moyen est 7 sur 15
Statistiques - réponses
Pays avec leurs noms modernes Pays avec leurs noms d'antant % Correct
Allemagne Prusse
89%
Autriche Autriche
82%
Espagne Espagne
78%
France France
78%
Belgique Belgique
71%
Hongrie Hongrie
69%
Egypte Egypte
68%
Pays-bas Pays-bas
66%
Louisiane Louisiane
43%
Haïti Saint-Domingue
26%
Suisse Confédération helvétique
22%
Italie Royaume de Naples
12%
Pologne Grand-duché de Varsovie
4%
Croatie Provinces illyriennes
3%
Italie Royaume de Sicile
2%
Aucun quiz correspondant
Distribution des résultats
% des personnes avec chaque résultat
Percentile par nombre de réponses
Votre historique - résultats
Vous n’avez pas pris ce quiz